000 00687nam a2200181Ia 4500
003 GCL
008 140319s9999 xx 000 0 ara d
040 _aGCL /
_cGCL
082 0 4 _a001.6404
_bا خ
100 1 _aاشرف احمد محمد
245 1 0 _aالدليل العربى لاستخدام برنامج خدمات الحاسب الشخصى pc tools /
_cاشرف احمد محمد
700 1 _aبهاء كرام القناوى
260 _a[S.N] :
_bمؤسسة جمال الجاسم للالكترونيات ،
_c1991
490 _a
650 0 4 _aالحاسبات الالكترونية
650 0 4 _aالحاسبات الالكترونية الشخصية
942 _2ddc
_cBK
999 _c45787
_d45787